Diseño del sistema de planificación y control de repuestos técnicos para la Flota Airbus A320 Líneas Aéreas Costarricenses
Kaydedildi:
| Yazar: | |
|---|---|
| Diğer Yazarlar: | |
| Materyal Türü: | Kitap |
| Baskı/Yayın Bilgisi: |
San José, Costa Rica
1993
|
| Konular: | |
| Etiketler: |
Etiketle
Etiket eklenmemiş, İlk siz ekleyin!
|
MARC
| LEADER | 00000nam a2200000Ia 4500 | ||
|---|---|---|---|
| 003 | 007422 | ||
| 005 | 20221231144304.0 | ||
| 008 | 140114s1993 cr a m 000 ||s d | ||
| 040 | |c cru CEDI | ||
| 090 | |a TFG 3137 | ||
| 100 | |a Acuña Naranjo, Otto Allan |9 11359 | ||
| 245 | |a Diseño del sistema de planificación y control de repuestos técnicos para la Flota Airbus A320 Líneas Aéreas Costarricenses | ||
| 260 | |c 1993 |a San José, Costa Rica | ||
| 300 | |a xxv, [405] hojas : ilustraciones ; 27 cm. | ||
| 500 | |a Proyecto de graduación (licenciatura en ingeniería industrial)--Universidad de Costa Rica. Facultad de Ingeniería. Escuela de Ingeniería Industrial | ||
| 650 | |x LINEAS AEREAS COSTARRICENSES S.A. - ADMINISTRACION |x CONTROL DE INVENTARIOS |9 11362 | ||
| 700 | |9 11360 |a Díaz Molina, Jesús Josue | ||
| 942 | |c TFG | ||
| 999 | |c 19636 |d 19636 | ||
